Viajes por el Africa occidental / (Record no. 19441)

MARC details
000 -LEADER
campo de control de longitud fija 00798nam a2200265 i 4500
001 - NÚMERO DE CONTROL
campo de control 19441
003 - IDENTIFICADOR DE NÚMERO DE CONTROL
campo de control ES-MaACL
005 - FECHA Y HORA DE LA ÚLTIMA TRANSACCIÓN
campo de control 20260209164153.0
007 - CAMPO FIJO DE DESCRIPCIÓN FÍSICA--INFORMACIÓN GENERAL
campo de control de longitud fija t|
008 - DATOS DE LONGITUD FIJA--INFORMACIÓN GENERAL
campo de control de longitud fija 020828s2001 sp ||||1| spa d
020 ## - NÚMERO INTERNACIONAL ESTÁNDAR DEL LIBRO
Número Internacional Estándar del Libro 84-7702-365-4
080 ## - NÚMERO DE LA CLASIFICACIÓN DECIMAL UNIVERSAL
Número de la Clasificación Decimal Universal 821.111-992"18"
080 ## - NÚMERO DE LA CLASIFICACIÓN DECIMAL UNIVERSAL
Número de la Clasificación Decimal Universal 913(6-15)"18"
100 1# - ENTRADA PRINCIPAL--NOMBRE DE PERSONA
Nombre de persona Kingsley, Mary.
9 (RLIN) 68075
245 10 - MENCIÓN DEL TÍTULO
Título Viajes por el Africa occidental /
Mención de responsabilidad, etc. Mary Kingsley ; traducción, José Luis Moreno Ruiz.
250 ## - MENCION DE EDICION
Mención de edición 1ª ed.
260 ## - PUBLICACIÓN, DISTRIBUCIÓN, ETC.
Lugar de publicación, distribución, etc. Madrid :
Nombre del editor, distribuidor, etc. Valdemar,
Fecha de publicación, distribución, etc. 2001.
300 ## - DESCRIPCIÓN FÍSICA
Extensión 364 p. :
Otras características físicas il. ;
Dimensiones 25 cm.
490 1# - MENCIÓN DE SERIE
Mención de serie Avatares ;
Designación de volumen o secuencia 45
651 #4 - PUNTO DE ACCESO ADICIONAL DE MATERIA--NOMBRE GEOGRÁFICO
Nombre geográfico África occidental-
Subdivisión general Descripción-
Subdivisión cronológica S.XIX
9 (RLIN) 7601
700 1# - ENTRADA AGREGADA--NOMBRE PERSONAL
Nombre de persona Moreno Ruiz, José Luis.
9 (RLIN) 83430
830 0# - PUNTO DE ACCESO ADICIONAL DE SERIE-TÍTULO UNIFORME
Título uniforme Avatares ;
Designación de volumen o secuencia 45
9 (RLIN) 179735
852 ## - LOCALIZACIÓN
Ubicación ES-MaACL
Número de control de estantería L-25875
Sublocalización o colección R.131138
Holdings
Estatus retirado Estado de pérdida Estado de daño No para préstamo Biblioteca de origen Biblioteca actual Ubicación en estantería Fecha de adquisición Fuente de adquisición Total de préstamos Signatura topográfica completa Código de barras Visto por última vez Precio de reemplazo Tipo de ítem Koha
        Biblioteca del Ateneo de Madrid Biblioteca del Ateneo de Madrid Depósito 2 17/01/2008     L-25875 1019891 23/02/2023 23/02/2023 Libro impreso